Welcome to the Holygrace Academy Library

Please use search bar below to get started

SPEECHES FOR THE LITTLE KINGDOM (Record no. 3637)

MARC details
000 -LEADER
fixed length control field 00273nam a22001217a 4500
082 ## - DEWEY DECIMAL CLASSIFICATION NUMBER
Classification number 825
Item number KOC/S
100 ## - MAIN ENTRY--AUTHOR NAME
Personal name KOCHUVEEDAN,JAISON
245 ## - TITLE STATEMENT
Title SPEECHES FOR THE LITTLE KINGDOM
260 ## - PUBLICATION, DISTRIBUTION, ETC. (IMPRINT)
Place of publication CHENNAI
Name of publisher FIRST EDITION
300 ## - PHYSICAL DESCRIPTION
Number of Pages 106
650 ## - SUBJECT ADDED ENTRY--TOPICAL TERM
Topical Term SPEECH
Geographic subdivision CHENNAI
942 ## - ADDED ENTRY ELEMENTS (KOHA)
Koha item type Books
Holdings
Withdrawn status Lost status Collection code Home library Current library Shelving location Date acquired Source of acquisition Cost, normal purchase price Full call number Accession Number Koha item type
    Reference Main Library Main Library SHELF-16B -ENGLISH SPEECHES,ESSAYS,QUOTES 27/10/2017 PURCHASE 60.00 825 KOC/S 10124 Books